<?xml version="1.0" encoding="UTF-8"?>
<record
    xmlns:xsi="http://www.w3.org/2001/XMLSchema-instance"
    xsi:schemaLocation="http://www.loc.gov/MARC21/slim http://www.loc.gov/standards/marcxml/schema/MARC21slim.xsd"
    xmlns="http://www.loc.gov/MARC21/slim">

  <leader>01024cam a22002411i 4500</leader>
  <datafield tag="999" ind1=" " ind2=" ">
    <subfield code="c">78491</subfield>
    <subfield code="d">315768</subfield>
  </datafield>
  <controlfield tag="003">OSt</controlfield>
  <controlfield tag="005">20200123115805.0</controlfield>
  <controlfield tag="008">190310s2018    ua     g      000 0 ara c</controlfield>
  <datafield tag="020" ind1=" " ind2=" ">
    <subfield code="a">9786144720059</subfield>
  </datafield>
  <datafield tag="040" ind1=" " ind2=" ">
    <subfield code="a">SA-RiAUC</subfield>
    <subfield code="b">ara</subfield>
    <subfield code="c">SA-RiAUC</subfield>
    <subfield code="e">rda</subfield>
  </datafield>
  <datafield tag="041" ind1="1" ind2=" ">
    <subfield code="a">ara</subfield>
    <subfield code="h">und</subfield>
  </datafield>
  <datafield tag="082" ind1="0" ind2="4">
    <subfield code="a">158.2</subfield>
    <subfield code="2">21</subfield>
    <subfield code="b">&#x62F; &#x622; &#x642;</subfield>
  </datafield>
  <datafield tag="100" ind1="1" ind2=" ">
    <subfield code="a">&#x62F;&#x648; &#x628;&#x648;&#x62A;&#x648;&#x646;&#x60C; &#x622;&#x644;&#x627;&#x646;&#x60C;</subfield>
    <subfield code="d">1969-</subfield>
    <subfield code="e">&#x645;&#x624;&#x644;&#x641;.</subfield>
    <subfield code="9">83490</subfield>
  </datafield>
  <datafield tag="245" ind1="1" ind2="0">
    <subfield code="a">&#x642;&#x644;&#x642; &#x627;&#x644;&#x633;&#x639;&#x64A; &#x625;&#x644;&#x649; &#x627;&#x644;&#x645;&#x643;&#x627;&#x646;&#x629; :</subfield>
    <subfield code="b">&#x627;&#x644;&#x634;&#x639;&#x648;&#x631; &#x628;&#x627;&#x644;&#x631;&#x636;&#x627; &#x623;&#x648; &#x627;&#x644;&#x645;&#x647;&#x627;&#x646;&#x629; /</subfield>
    <subfield code="c">&#x622;&#x644;&#x627;&#x646; &#x62F;&#x648; &#x628;&#x648;&#x62A;&#x648;&#x646; &#x61B; &#x62A;&#x631;&#x62C;&#x645;&#x629; &#x645;&#x62D;&#x645;&#x62F; &#x639;&#x628;&#x62F; &#x627;&#x644;&#x646;&#x628;&#x64A;.</subfield>
  </datafield>
  <datafield tag="264" ind1=" " ind2="1">
    <subfield code="a">&#x627;&#x644;&#x642;&#x627;&#x647;&#x631;&#x629; &#x61B;</subfield>
    <subfield code="a">&#x628;&#x64A;&#x631;&#x648;&#x62A; &#x61B;</subfield>
    <subfield code="a">&#x62A;&#x648;&#x646;&#x633; :</subfield>
    <subfield code="b">&#x62F;&#x627;&#x631; &#x627;&#x644;&#x62A;&#x646;&#x648;&#x64A;&#x631;&#x60C;</subfield>
    <subfield code="c">2018</subfield>
    <subfield code="m">[1439]</subfield>
  </datafield>
  <datafield tag="300" ind1=" " ind2=" ">
    <subfield code="a">312 &#x635;&#x641;&#x62D;&#x629;</subfield>
  </datafield>
  <datafield tag="504" ind1=" " ind2=" ">
    <subfield code="a">&#x64A;&#x634;&#x62A;&#x645;&#x644; &#x639;&#x644;&#x649; &#x642;&#x627;&#x626;&#x645;&#x629; &#x628;&#x628;&#x644;&#x64A;&#x648;&#x62C;&#x631;&#x627;&#x641;&#x64A;&#x629;.</subfield>
  </datafield>
  <datafield tag="650" ind1=" " ind2="7">
    <subfield code="a">&#x627;&#x644;&#x639;&#x644;&#x627;&#x642;&#x627;&#x62A; &#x627;&#x644;&#x627;&#x62C;&#x62A;&#x645;&#x627;&#x639;&#x64A;&#x629;</subfield>
    <subfield code="x">&#x62C;&#x648;&#x627;&#x646;&#x628; &#x646;&#x641;&#x633;&#x64A;&#x629;</subfield>
    <subfield code="9">83491</subfield>
  </datafield>
  <datafield tag="650" ind1=" " ind2="7">
    <subfield code="a">&#x639;&#x644;&#x645; &#x627;&#x644;&#x646;&#x641;&#x633; &#x627;&#x644;&#x627;&#x62C;&#x62A;&#x645;&#x627;&#x639;&#x64A;</subfield>
    <subfield code="9">83492</subfield>
  </datafield>
  <datafield tag="700" ind1="1" ind2=" ">
    <subfield code="a">&#x639;&#x628;&#x62F; &#x627;&#x644;&#x646;&#x628;&#x64A;&#x60C; &#x645;&#x62D;&#x645;&#x62F;&#x60C;</subfield>
    <subfield code="d">1977-</subfield>
    <subfield code="e">&#x645;&#x62A;&#x631;&#x62C;&#x645;.</subfield>
    <subfield code="9">83493</subfield>
  </datafield>
  <datafield tag="942" ind1=" " ind2=" ">
    <subfield code="2">ddc</subfield>
    <subfield code="c">BOOK</subfield>
  </datafield>
  <datafield tag="949" ind1=" " ind2=" ">
    <subfield code="a">SA-RiPNU</subfield>
    <subfield code="n">1</subfield>
    <subfield code="d">2020/1/23</subfield>
    <subfield code="u">pnusvn</subfield>
  </datafield>
  <datafield tag="952" ind1=" " ind2=" ">
    <subfield code="1">0</subfield>
    <subfield code="2">2020-01-23</subfield>
    <subfield code="4">0</subfield>
    <subfield code="7">0</subfield>
    <subfield code="U">2020-01-23</subfield>
    <subfield code="a">158.2 &#x62F; &#x622; &#x642;</subfield>
    <subfield code="d">2020-01-23</subfield>
    <subfield code="h">CL</subfield>
    <subfield code="i">00810567</subfield>
    <subfield code="m">CL</subfield>
    <subfield code="r">2020-01-23 00:00:00</subfield>
    <subfield code="t">BOOK</subfield>
    <subfield code="w">ddc</subfield>
    <subfield code="y">0</subfield>
  </datafield>
  <datafield tag="952" ind1=" " ind2=" ">
    <subfield code="1">0</subfield>
    <subfield code="2">2020-01-23</subfield>
    <subfield code="4">0</subfield>
    <subfield code="7">0</subfield>
    <subfield code="U">2020-01-23</subfield>
    <subfield code="a">158.2 &#x62F; &#x622; &#x642;</subfield>
    <subfield code="d">2020-01-23</subfield>
    <subfield code="h">EMF</subfield>
    <subfield code="i">00810568</subfield>
    <subfield code="m">CL</subfield>
    <subfield code="q">2026-06-15</subfield>
    <subfield code="r">2026-06-15 11:32:32</subfield>
    <subfield code="s">2026-07-15</subfield>
    <subfield code="t">BOOK</subfield>
    <subfield code="w">ddc</subfield>
    <subfield code="y">1</subfield>
  </datafield>
  <datafield tag="952" ind1=" " ind2=" ">
    <subfield code="1">0</subfield>
    <subfield code="2">2020-01-23</subfield>
    <subfield code="4">0</subfield>
    <subfield code="7">0</subfield>
    <subfield code="U">2020-01-23</subfield>
    <subfield code="a">158.2 &#x62F; &#x622; &#x642;</subfield>
    <subfield code="d">2020-01-23</subfield>
    <subfield code="h">CL</subfield>
    <subfield code="i">00810569</subfield>
    <subfield code="m">CL</subfield>
    <subfield code="q">2021-03-15</subfield>
    <subfield code="r">2021-05-02 00:00:00</subfield>
    <subfield code="t">BOOK</subfield>
    <subfield code="w">ddc</subfield>
    <subfield code="y">1</subfield>
  </datafield>
  <datafield tag="952" ind1=" " ind2=" ">
    <subfield code="1">0</subfield>
    <subfield code="2">2020-01-23</subfield>
    <subfield code="4">0</subfield>
    <subfield code="7">0</subfield>
    <subfield code="U">2020-01-23</subfield>
    <subfield code="a">158.2 &#x62F; &#x622; &#x642;</subfield>
    <subfield code="d">2020-01-23</subfield>
    <subfield code="h">SZM</subfield>
    <subfield code="i">00810680</subfield>
    <subfield code="m">SZM</subfield>
    <subfield code="r">2020-01-23 00:00:00</subfield>
    <subfield code="t">BOOK</subfield>
    <subfield code="w">ddc</subfield>
    <subfield code="y">0</subfield>
  </datafield>
  <datafield tag="952" ind1=" " ind2=" ">
    <subfield code="1">0</subfield>
    <subfield code="2">2020-01-23</subfield>
    <subfield code="4">0</subfield>
    <subfield code="7">0</subfield>
    <subfield code="U">2020-01-23</subfield>
    <subfield code="a">158.2 &#x62F; &#x622; &#x642;</subfield>
    <subfield code="d">2020-01-23</subfield>
    <subfield code="h">SZM</subfield>
    <subfield code="i">00810681</subfield>
    <subfield code="m">SZM</subfield>
    <subfield code="r">2020-01-23 00:00:00</subfield>
    <subfield code="t">BOOK</subfield>
    <subfield code="w">ddc</subfield>
    <subfield code="y">0</subfield>
  </datafield>
  <datafield tag="952" ind1=" " ind2=" ">
    <subfield code="1">0</subfield>
    <subfield code="2">2020-01-23</subfield>
    <subfield code="4">0</subfield>
    <subfield code="7">0</subfield>
    <subfield code="U">2020-01-23</subfield>
    <subfield code="a">158.2 &#x62F; &#x622; &#x642;</subfield>
    <subfield code="d">2020-01-23</subfield>
    <subfield code="h">EMF</subfield>
    <subfield code="i">00810682</subfield>
    <subfield code="m">EMF</subfield>
    <subfield code="r">2020-01-23 00:00:00</subfield>
    <subfield code="t">BOOK</subfield>
    <subfield code="w">ddc</subfield>
    <subfield code="y">0</subfield>
  </datafield>
  <datafield tag="952" ind1=" " ind2=" ">
    <subfield code="1">0</subfield>
    <subfield code="2">2020-01-23</subfield>
    <subfield code="4">0</subfield>
    <subfield code="7">0</subfield>
    <subfield code="U">2020-01-23</subfield>
    <subfield code="a">158.2 &#x62F; &#x622; &#x642;</subfield>
    <subfield code="d">2020-01-23</subfield>
    <subfield code="h">EMF</subfield>
    <subfield code="i">00810683</subfield>
    <subfield code="m">EMF</subfield>
    <subfield code="r">2020-01-23 00:00:00</subfield>
    <subfield code="t">BOOK</subfield>
    <subfield code="w">ddc</subfield>
    <subfield code="y">0</subfield>
  </datafield>
</record>
